| 000 | 01019nam a22003017a 4500 | ||
|---|---|---|---|
| 003 | CHAP | ||
| 005 | 20220817044511.0 | ||
| 008 | 121108s2010 mx a r 00010 spa d | ||
| 010 | _a102670 | ||
| 011 | _a103642 | ||
| 035 | _a114331 | ||
| 040 | _cCHAP | ||
| 090 | _aFolleto 18122 | ||
| 110 | 1 |
_aProcuraduría Federal de Protección al Ambiente. México _991849 |
|
| 245 | 1 | 3 |
_aLa protección de la vida silvestre en México _c/por Procuraduría Federal de Protección al Ambiente |
| 260 |
_aMéxico, D. F.: _bPROFEPA, _c2010 |
||
| 300 |
_aHoja desplegable : _bilus. |
||
| 590 |
_aBATCH-UPD _b10 _c20130110 _lUCH01 _h1305 |
||
| 590 |
_aBATCH-UPD _b10 _c20130410 _lUCH01 _h0821 |
||
| 590 |
_aBATCH-UPD _b10 _c20130914 _lUCH01 _h0630 |
||
| 590 |
_aCONVERSION _b10 _c20130109 _lUCH01 _h1357 |
||
| 650 | 1 | 4 |
_aBiodiversidad. _912724 |
| 650 | 1 | 4 | _aEspecies en peligro de extinción. |
| 650 | 1 | 4 |
_aVida silvestre. _9119155 |
| 901 | _aBK | ||
| 942 | _cFOLL | ||
| 949 |
_aFolleto 18122 _bBC _cFOLL _d33724002318967 _eTS1 _i114331 _sb |
||
| 999 |
_c102670 _d102670 |
||